Kuenden, the valiant son : (Record no. 4520)

MARC details
000 -LEADER
fixed length control field 00444nam a2200157 4500
001 - CONTROL NUMBER
control field 5384
005 - DATE AND TIME OF LATEST TRANSACTION
control field 20181127175425.0
020 00 - INTERNATIONAL STANDARD BOOK NUMBER
International Standard Book Number 9789993678120
090 00 - LOCALLY ASSIGNED LC-TYPE CALL NUMBER (OCLC); LOCAL CALL NUMBER (RLIN)
Classification number (OCLC) (R) ; Classification number, CALL (RLIN) (NR) 895.1 T313k 2012
100 00 - MAIN ENTRY--PERSONAL NAME
Personal name Tenzin, Kuenga.
245 00 - TITLE STATEMENT
Title Kuenden, the valiant son :
Remainder of title a tale from central Bhutan /
Statement of responsibility, etc. Kuenga Tenzin.
Medium
260 00 - PUBLICATION, DISTRIBUTION, ETC.
Place of publication, distribution, etc. Thimphu :
Name of publisher, distributor, etc. DSB enterprises Pvt. Limited,
Date of publication, distribution, etc. 2012.
300 00 - PHYSICAL DESCRIPTION
Extent 95 p. ; 25 cm.
500 00 - GENERAL NOTE
General note In English.
650 00 - SUBJECT ADDED ENTRY--TOPICAL TERM
Topical term or geographic name entry element Bhutan --fiction.
General subdivision
Holdings
Withdrawn status Lost status Source of classification or shelving scheme Damaged status Not for loan Collection code Home library Current library Shelving location Serial Enumeration / chronology Inventory number Total Checkouts Full call number Barcode Date last seen Date last checked out Price effective from Koha item type
    Dewey Decimal Classification     Main TEST RTC Library RTC Library Main opac 8711 2 895.1 TEN 30008700 03/04/2019 26/03/2019 27/11/2018 Main
Royal Thimphu College || All Right Reserved